banner-ar

هندسة الجودة النفسية : (Record no. 62443)

MARC details
000 -الفاتح
حقل البيانات ثابتة الطول 01145nam a2200277 4500
005 - وقت وتاريخ اخر تعامل مع التسجيلة
رقم الضبط 20240530110550.0
008 - عناصر البيانات ثابتة الطول - معلومات عامة
حقل البيانات ثابتة الطول 160702s2014 ua a g |||| 00| 0 ara d
017 ## - رقم الايداع القانونى
رقم الايداع القانونى 2013/15892
المصدر ( الهيئة المختصة) مصر. دار الكتب المصرية
020 ## - الرقم الدولى المعيارى للكتب
الرقم الدولى المعيارى للكتاب 9789771029014
040 ## - مصدر الفهرسة
وكالة الفهرسة الأصلية EG-CaGPL
041 1# - رمز اللغة
رمز لغة النص/ المسارات الصوتية أو العنوان الانفرادي ara
رمز لغة الترجمات و/او الاصلية المتوسطة للنص und
082 04 - رقم تصنيف ديوى العشرى
رقم التصنيف 152.4/
رقم المادة ج هـ
رقم الطبعة 21
100 0# - المدخل الرئيسى - إسم شخصى
الإسم الشخصى جيرالد ج. جامبولسكى
245 10 - بيان العنوان
العنوان هندسة الجودة النفسية :
بقية العنوان سكة الارادة .. الحب يعنى التحرر من الخوف /
بيان المسئوليه,etc تأليف جيرالد ج. جامبولسكى ؛ ترجمة هشام محمد سلامة، حمدى احمد عبدالعزيز.
250 ## - بيان الطبعة
بيان الطبعة ط. 1.
260 ## - PUBLICATION, DISTRIBUTION, ETC. (IMPRINT)
تاريخ النشر أو التوزيع 2014.
300 ## - الوصف المادى
التعداد 91 ص. :
تفاصيل ماديه اخرى للوعاء رسومات ؛
أبعاد الوعاء 24 سم.
650 04 - المدخل الاضافى بالموضوع-مصطلح موضوعى
مصطلح موضوعي الحب
650 04 - المدخل الاضافى بالموضوع-مصطلح موضوعى
مصطلح موضوعي السعادة
650 04 - المدخل الاضافى بالموضوع-مصطلح موضوعى
مصطلح موضوعي الدوافع النفسية
700 0# - المدخل الاضافى - اسم شخصى
الإسم الشخصى هشام محمد سلامة
الدور مترجم.
700 0# - المدخل الاضافى - اسم شخصى
الإسم الشخصى حمدى احمد عبدالعزيز
الدور مترجم.
942 ## - عناصر المدخل الإضافي( كوها)
مصدر التصنيف او مخطط الترفيف Dewey Decimal Classification
Koha [default] item type كتاب
260 ## - PUBLICATION, DISTRIBUTION, ETC. (IMPRINT)
-- القاهرة :
-- دار الفكر العربى،
546 ## - تبصرة اللغة
تبصرة اللغة النص مترجم بالعربية.
Holdings
حالة التراجع حالة الفقد حالة تلف ليس للاعارة المكان المؤقت الموقع الحالى تاريخ الاكتساب اجمالي اﻻعارات رقم الطلب الباركود تاريخ اخر مشاهدة تاريخ تفعيل السعر نوع وعاء كوها
        مكتبة القاهرة الكبرى مكتبة القاهرة الكبرى 07/02/2016   152.4/ ج هـ 162173 07/02/2016 07/02/2016 كتاب

Powered By

EGPV